<?xml version="1.0" encoding="UTF-8"?><?xml-stylesheet type="text/xsl" href="static/style.xsl"?><OAI-PMH xmlns="http://www.openarchives.org/OAI/2.0/" xmlns:xsi="http://www.w3.org/2001/XMLSchema-instance" xsi:schemaLocation="http://www.openarchives.org/OAI/2.0/ http://www.openarchives.org/OAI/2.0/OAI-PMH.xsd"><responseDate>2026-04-13T06:52:06Z</responseDate><request verb="GetRecord" identifier="oai:www.recercat.cat:2445/128224" metadataPrefix="marc">https://recercat.cat/oai/request</request><GetRecord><record><header><identifier>oai:recercat.cat:2445/128224</identifier><datestamp>2025-12-04T21:06:37Z</datestamp><setSpec>com_2072_1057</setSpec><setSpec>col_2072_478818</setSpec><setSpec>col_2072_478917</setSpec></header><metadata><record xmlns="http://www.loc.gov/MARC21/slim" xmlns:dcterms="http://purl.org/dc/terms/" xmlns:xsi="http://www.w3.org/2001/XMLSchema-instance" xmlns:doc="http://www.lyncode.com/xoai" xsi:schemaLocation="http://www.loc.gov/MARC21/slim http://www.loc.gov/standards/marcxml/schema/MARC21slim.xsd">
   <leader>00925njm 22002777a 4500</leader>
   <datafield ind2=" " ind1=" " tag="042">
      <subfield code="a">dc</subfield>
   </datafield>
   <datafield ind2=" " ind1=" " tag="720">
      <subfield code="a">Artigas, Esther</subfield>
      <subfield code="e">author</subfield>
   </datafield>
   <datafield ind2=" " ind1=" " tag="260">
      <subfield code="c">2019-02-13T16:34:48Z</subfield>
   </datafield>
   <datafield ind2=" " ind1=" " tag="260">
      <subfield code="c">2019-02-13T16:34:48Z</subfield>
   </datafield>
   <datafield ind2=" " ind1=" " tag="260">
      <subfield code="c">2018</subfield>
   </datafield>
   <datafield ind2=" " ind1=" " tag="260">
      <subfield code="c">2019-02-13T16:34:48Z</subfield>
   </datafield>
   <datafield ind2=" " ind1=" " tag="520">
      <subfield code="a">[cat] En els versos 1178‐81 del Miles gloriosus de Plaute, Palestrió suggereix a Plèusicles que es disfressi de mariner per tal d'enganyar el soldat Pirgopolinices. L'objectiu d'aquest article és sotmetre a examen els elements que conformen aquesta disfressa: un capell d'estil macedoni, una túnica d'un estrany color ferruginós i, molt en especial, un pedaç de llana als ulls, la funció del qual desperta per força la curiositat i el fa objecte d'interès.</subfield>
   </datafield>
   <datafield ind2=" " ind1=" " tag="520">
      <subfield code="a">[en] In the verses 1178‐81 of Plautus' Miles gloriosus, Palaestrio suggests that Pleusicles dresses up as a sailor in order to fool the soldier Pyrgopolinices. The aim of this article is to review the elements that make up this costume: a Macedonian‐style hat, a tunic of a strange ferruginous color and, in particular, an eyepatch of wool, the function of which necessarily awakes the curiosity and makes it subject of interest.</subfield>
   </datafield>
   <datafield tag="653" ind2=" " ind1=" ">
      <subfield code="a">Literatura llatina</subfield>
   </datafield>
   <datafield tag="653" ind2=" " ind1=" ">
      <subfield code="a">Comèdia llatina</subfield>
   </datafield>
   <datafield tag="653" ind2=" " ind1=" ">
      <subfield code="a">Latin literature</subfield>
   </datafield>
   <datafield tag="653" ind2=" " ind1=" ">
      <subfield code="a">Latin drama (Comedy)</subfield>
   </datafield>
   <datafield ind2="0" ind1="0" tag="245">
      <subfield code="a">La mar de Plaute. A propòsit de l'ornatus nauclericus en el Miles gloriosus</subfield>
   </datafield>
</record></metadata></record></GetRecord></OAI-PMH>